Trampolín : preparatorio /
Guardado en:
| Autor Principal: | |
|---|---|
| Formato: | Libro |
| Publicado: |
Buenos Aires :
Aique
|
| Materias: | |
| Etiquetas: |
Agregar Etiqueta
Sin Etiquetas, Sea el primero en etiquetar este registro!
|
| LEADER | 00647nam a22002055a 4500 | ||
|---|---|---|---|
| 001 | CEM.cems012444 | ||
| 005 | 20070829163840.0 | ||
| 008 | 130507b######################000#0#####d | ||
| 003 | CEMS | ||
| 020 | |a 9509003565 | ||
| 082 | 0 | 4 | |a SG372.24 |
| 100 | 1 | |a Kleinmann, Viviana | |
| 245 | 1 | 0 | |a Trampolín : |b preparatorio / |c Viviana Kleinmann |
| 260 | |a Buenos Aires : |b Aique | ||
| 300 | |a 239 p. | ||
| 500 | |a Actividades preparatorias para la lectoescritura y el cálculo | ||
| 653 | |a Biblioteca maría de los Ángeles saggio | ||
| 653 | |a Educación primaria | ||
| 653 | |a Lengua-1° egb | ||
| 859 | |a CEMS |b BIB. CEMS - 11 de abril |h SG372.24 |i K673 |p 23715.07 |t Ej.1 | ||
